Statistics for Name The Dog #1

Click here to take the quiz!

General Stats

  • This quiz has been taken 29 times
    (18 since last reset)
  • The average score is 10 of 15

Answer Stats

Answer% Correct
German Shepherd
100%
Beagle
91%
Bulldog
91%
Chihuahua
82%
Dachshund
82%
Golden Retriever
82%
Husky
82%
Corgi
73%
Dalmatian
73%
Shiba Inu
73%
Boxer
55%
Shih Tzu
55%
Bearded Collie
36%
Bichon Frise
36%
Shar Pei
36%

Score Distribution

Percentile by Number Answered

Percent of People with Each Score

Your Score History

You have not taken this quiz since the last reset